00535 2200205 4500001002100000005001500021008004100036020002200077035001900099041000700118082000800125090001400133100001600147700001800163245006900181260003300250300002700283500000600310650001300316INLIS00000000000287620241224112622241224||||||||| | ||| |||| || |  a978-979-3972-79-4 0010-1224002876 aen0 a920 a920 WAL s0 aElissa Wall0 aLisa Pulitzer00aStolen Innocence : Kisah Nyata Pengantin Belia Di Sekte Poligami aJakartabDanstan Booksc2009 a404 hlm.; ilus.: 24 cm a1 0aBiografi